| 000 | 01150pam a22003251i 4500 | ||
|---|---|---|---|
| 001 | 73078085 | ||
| 005 | 20200320175153.0 | ||
| 008 | 730716s1973 utua b 00110 eng | ||
| 010 | _a 73078085 | ||
| 020 | _a0842502386 | ||
| 020 | _a0842502378 (pbk.) | ||
| 035 | _a()8420 | ||
| 043 | _an-us-ut | ||
| 050 | 0 |
_aQK189 _b.W4 1973 |
|
| 082 | _a582/.09/792 | ||
| 100 | 1 |
_aWelsh, Stanley L. _91505 |
|
| 245 | 1 | 0 |
_aUtah plants: Tracheophyta _c[by] Stanley L. Welsh [and] Glen Moore. |
| 250 | _a3d ed. [new, rev. and enl.]. | ||
| 260 |
_aProvo, Utah, _bBrigham Young University Press, _c1973. |
||
| 300 |
_aiv, 474 p. _billus. _c23 cm. |
||
| 500 | _aSecond ed. published in 1965 under title: Common Utah plants. | ||
| 504 | _aBibliography: p. 435-436. | ||
| 650 | 0 |
_aBotany _zUtah. _95817214 |
|
| 650 | 0 |
_aPlants _xIdentification. _95752126 |
|
| 700 | 1 |
_aMoore, Glen, _d1917- _ejoint author. _95817215 |
|
| 942 |
_cBOOK _015 |
||
| 948 |
_a05/11/2004 _zSirsi |
||
| 949 | 1 | 0 |
_b34301000020950 _cNF _d582.09 WEL _ec.1 _p876 _mWCL _nWCL _tBK |
| 996 |
_a8420 _b34301000020950 _cNF _dBK _eWCL _fi _g15 _h8.76 _m582.09 Wel _p03/18/1999 _q09/17/2018 _r08/06/2018 |
||
| 999 |
_c254589 _d254589 |
||